Observación de propagulos en los géneros Ernodesmis y Struvea (Registro nro. 14902)

Detalles MARC
000 -CABECERA
Campo de control 003550000a22001210004500
090 ## - CLASIFICACIÓN LOCAL
Colección AS
Consecutivo Seriadas
041 0# - IDIOMA
Código de idioma para texto/pista de sonido o título separado
100 1# - ASIENTO PRINCIPAL--NOMBRE PERSONAL
Nombre personal Schnetter, Reinhard
245 10 - MENCION DE TITULO
Título Observación de propagulos en los géneros Ernodesmis y Struvea
700 1# - ASIENTO SECUNDARIO - NOMBRE PERSONAL
Nombre personal Bodenbender, Sabine
773 1# - Item fuente:
Título Caldasia
Especificación de materiales 45
Descripción física 71-75
Paginas del Articulo 399-403
Lugar, editorial y fecha de publicación 1986
Información sobre la relación 15
942 ## - ELEMENTOS ADICIONALES (KOHA)
Tipo de ítem Artículo

No hay ítems disponibles.